Geography Quiz

Random Geography or World Quiz

Consonant-Ending Capitals Quiz Stats

 Plays Quiz Updated Dec 17, 2018

Support Sporcle.
Go Orange.
Score 0/78 Timer 09:00
16 Plays Today
Capital City % Correct
Washington, D.C. (USA)
93.6%
London (UK)
93.5%
Paris (France)
90.2%
Berlin (Germany)
89.6%
Moscow (Russia)
89.5%
Madrid (Spain)
88.5%
Lisbon (Portugal)
87.1%
Stockholm (Sweden)
85%
Beijing (China)
84.5%
Dublin (Ireland)
83%
Athens (Greece)
81.2%
Amsterdam (Netherlands)
81.1%
Wellington (New Zealand)
81%
Brussels (Belgium)
80%
Warsaw (Poland)
79.5%
Bern (Switzerland)
78.8%
Copenhagen (Denmark)
78.7%
Budapest (Hungary)
77.9%
Jerusalem (Israel)
75.3%
Buenos Aires (Argentina)
75%
Bucharest (Romania)
74.5%
Kyiv (Ukraine)
73.1%
Reykjavik (Iceland)
72.6%
Zagreb (Croatia)
72.4%
Kingston (Jamaica)
72.3%
Baghdad (Iraq)
71.6%
Seoul (South Korea)
71.6%
Tallinn (Estonia)
70.3%
Luxembourg (Luxembourg)
69.8%
Caracas (Venezuela)
69.1%
Islamabad (Pakistan)
69%
Tehran (Iran)
69%
Bangkok (Thailand)
68.5%
Algiers (Algeria)
68%
Minsk (Belarus)
68%
Vaduz (Liechtenstein)
66.8%
Pyongyang (North Korea)
66.4%
Tunis (Tunisia)
66.4%
Rabat (Morocco)
65.5%
Capital City % Correct
Georgetown (Guyana)
64.9%
Vilnius (Lithuania)
64.7%
Riyadh (Saudi Arabia)
63.4%
Damascus (Syria)
62.3%
Beirut (Lebanon)
62%
Kabul (Afghanistan)
62%
Kingstown (St Vincent + Gren.)
61.1%
Amman (Jordan)
61%
La Paz (Bolivia)
59.7%
Ulaanbaatar (Mongolia)
59.5%
AsunciĆ³n (Paraguay)
59%
Muscat (Oman)
58.1%
Freetown (Sierra Leone)
57.7%
Belmopan (Belize)
57.4%
Bishkek (Kyrgyzstan)
57.2%
Yerevan (Armenia)
57%
Tashkent (Uzbekistan)
56.1%
Phnom Penh (Cambodia)
56%
Dakar (Senegal)
55.8%
San Salvador (El Salvador)
55.2%
Khartoum (Sudan)
55.2%
Windhoek (Namibia)
54.3%
Kuala Lumpur (Malaysia)
53.6%
St John's (Antigua and Barbuda)
50.4%
Bridgetown (Barbados)
49.7%
Nur-Sultan (Kazakhstan)
49.7%
Port of Spain (Trinidad and Tobago)
49.5%
Ashgabat (Turkmenistan)
49.4%
St George's (Grenada)
46.6%
Castries (St Lucia)
45.3%
Port Louis (Mauritius)
44.2%
Yaren (Nauru)
43.2%
Banjul (Gambia)
43.1%
Ramallah (Palestine)
42.6%
Bandar Seri Begawan (Brunei)
41.1%
Nouakchott (Mauritania)
38.8%
Naypyidaw (Myanmar)
37.8%
Palikir (Micronesia)
36.7%
Ngerulmud (Palau)
32%

From the Vault

Words Within a Word: 'Pumpkin'

by Susan300

We think you'll have a gourd time playing this.
Remove Ads.
Support Sporcle.
Get the best of Sporcle when you Go Orange. This ad-free experience offers more features, more stats, and more fun while also helping to support Sporcle. Thank you for becoming a member.

Show Comments

Extras

Top Quizzes Today


Score Distribution

Your Account Isn't Verified!

In order to create a playlist on Sporcle, you need to verify the email address you used during registration. Go to your Sporcle Settings to finish the process.

Report this User

Report this user for behavior that violates our Community Guidelines.

Details: